000 00585nam a2200217Ia 4500
005 20250508165101.0
008 008 250505s9999 xx 000 0 eng d
020 _a81-7154-556-4
037 _aTextual
040 _aFEDL
_beng
_cFEDL
041 _aeng
_2eng
084 _a954, THA
_qFEDL
100 _aThapar Romila Ed.
245 0 _aRecent perspectives of early Indian history
260 _aBombay, India
_bPopular Prakashan
_c1998
300 _avii,361p.
365 _aINR
_b1500
546 _aMACESE
942 _cTEXL
_h954, THA
999 _c1393069
_d1393069